LEADER 01343nam1 22003613i 450 001 FOG0312631 005 20231121125503.0 100 $a20110927f ||||0itac50 ba 101 | $aita 102 $ait 181 1$6z01$ai $bxxxe 182 1$6z01$an 200 1 $aMozart$fMaynard Solomon$gtraduzione di Andrea Buzzi$gconsulenza musicale di Daniele Sabaino 205 $aEd. speciale per Il giornale 210 $a[Milano]$cIl giornale 215 $a v.$d22 cm. 463 1$1001FOG0312633$12000 $a1$fMaynard Solomon$v1 463 1$1001FOG0316571$12000 $a2$fMaynard Solomon$v2 606 $aMozart, Wolfgang Amadeus$2FIR$3RMLC000452$9I 676 $a780.92$9PERSONE ASSOCIATE ALLA MUSICA$v21 700 1$aSolomon$b, Maynard$3CFIV042296$4070$0522771 702 1$aBuzzi$b, Andrea$f <1960- >$3CFIV102397 702 1$aSabaino$b, Daniele$3LO1V143842 790 1$aBuzzi$b, Andrea$c $3CFIV367448$zBuzzi, Andrea <1960- > 801 3$aIT$bIT-01$c20110927 850 $aIT-RM0289 $aIT-FR0017 899 $aBiblioteca Statale A. Baldini$bRM0289 899 $aBiblioteca umanistica Giorgio Aprea$bFR0017 912 $aFOG0312631 950 1$aBiblioteca umanistica Giorgio Aprea$d 52DCB Sol.Moz.2 977 $a 04$a 52 996 $aMozart$923784 997 $aUNICAS